| 000 | 01604nam a2200241Ia 4500 | ||
|---|---|---|---|
| 999 |
_c44591 _d44591 |
||
| 001 | 11394 | ||
| 003 | GE_BSU | ||
| 005 | 20251226141917.0 | ||
| 008 | 181216s2004||||ge |||||||||||||| ||geo|| | ||
| 040 | _cGE_BSU | ||
| 041 | _ageo | ||
| 080 | _a582.26/27(075.35) შ-18 | ||
| 100 |
_aშაინიძე, ოთარ _926606 |
||
| 245 |
_aავტოტროფული პროტისტების-"წყალმცენარეების" კვლევის მეთოდები _bსახელმძღვ. ქართ. უნ-ტების ბიოლოგიისა და ბიორესურსების სტუდ. და ასპირანტებისათვის. მეთოდ. მითითებ. ლაბორატორ. სწავლების და სასწ. მეთოდ პრაქტიკისათვის / _c ოთარ შაინიძე,რედ. მ. დავითაძე |
||
| 260 | _aბათუმი. | ||
| 264 |
_aბათუმის უნ-ტი. _c2004 |
||
| 300 |
_a198 გვ .: _bილ. _c21 სმ. |
||
| 653 | _aავტოტროფული პროტისტების-"წყალმცენარეების" კვლევის მეთოდები | ||
| 653 | _aბიოლოგია | ||
| 700 |
_a დავითაძე, მ _eრედაქტორი _926607 |
||
| 711 |
_aბათუმის შოთა რუსთაველის სახელმწიფო უნივერსიტეტი _926608 |
||
| 942 |
_cBK _2udc |
||